BIBLIOTECA PODER JUDICIAL
Portal Judicial TDF

Gestación por sustitución : (Registro nro. 6238)

000 -LEADER
fixed length control field 01212nab a22002417a 4500
003 - CONTROL NUMBER IDENTIFIER
control field OSt
005 - DATE AND TIME OF LATEST TRANSACTION
control field 20260127181308.0
008 - FIXED-LENGTH DATA ELEMENTS--GENERAL INFORMATION
fixed length control field 190514b xxu||||| |||| 00| 0 spa d
040 ## - CATALOGING SOURCE
Transcribing agency PJ
100 ## - MAIN ENTRY--PERSONAL NAME
9 (RLIN) 5823
Personal name Laffitte, Sofía
245 10 - TITLE STATEMENT
Title Gestación por sustitución :
Remainder of title turismo reproductivo e interés superior del niño /
Statement of responsibility, etc Sofía Laffitte.
300 ## - PHYSICAL DESCRIPTION
Extent p. 9-12
500 ## - GENERAL NOTE
General note Cita: TR LALEY AR/DOC/1593/2025.
505 ## - FORMATTED CONTENTS NOTE
Formatted contents note Sumario: I. Introducción.— II. Contextualización.— III. Caso en marras.— IV. Fundamentos del fallo.— V. Palabras finales. <br/>IX. Los nuevos tipos de familia y el principio de solidaridad familiar.— X. Reflexiones finales.
505 ## - FORMATTED CONTENTS NOTE
Title Fallo comentado: CNCiv., sala B ~ 19/03/2025 ~ V. E. B., W. G. L. E. y otros s/ medidas precautorias.
650 #0 - SUBJECT ADDED ENTRY--TOPICAL TERM
9 (RLIN) 967
Topical term or geographic name as entry element DERECHO DE FAMILIA
650 #0 - SUBJECT ADDED ENTRY--TOPICAL TERM
9 (RLIN) 4292
Topical term or geographic name as entry element TÉCNICAS DE REPRODUCCIÓN HUMANA ASISTIDA
650 #0 - SUBJECT ADDED ENTRY--TOPICAL TERM
9 (RLIN) 4486
Topical term or geographic name as entry element GESTACION POR SUSTITUCION
650 #0 - SUBJECT ADDED ENTRY--TOPICAL TERM
9 (RLIN) 4097
Topical term or geographic name as entry element INTERES SUPERIOR DEL NIÑO
650 #0 - SUBJECT ADDED ENTRY--TOPICAL TERM
9 (RLIN) 1057
Topical term or geographic name as entry element JURISPRUDENCIA APLICABLE
773 0# - HOST ITEM ENTRY
Host Biblionumber 2844
Host Itemnumber 3222
Place, publisher, and date of publication Buenos Aires : AbeledoPerrot, 1989-
Title Derecho de familia. Revista Interdisciplinaria de doctrina y jurisprudencia. Agosto 2025-IV.
International Standard Book Number 18511201
942 ## - ADDED ENTRY ELEMENTS (KOHA)
Source of classification or shelving scheme
Koha item type Analítica Artículo de Revista

No hay ítems disponibles.

12 de Octubre 789 Ushuaia - Tel:  54(02901)441571
Horario de Atención: 8.00 a 17.00 hs. 
bibliotecaush@justierradelfuego.gov.ar
koha@justierradelfuego.gov.ar
Seguinos en nuestras redes @bibliojustdf 

Con tecnología Koha